1235 1915 1941 1424 1151 1507 1054 1474 1080 1755 1571 1262 1532 1208 1381 1167 1185 1405 1606 1309 1906 1687 1901 1095 1724 1966 1111 1349 1827 1932 1527 1825 1181 1840 1058 1544 1965 1924 1392 1847 1870 1410 1040 1624 1316 1075 1655 1556 1129 1623 1544 1152 1398 1374 1095 1907 1031 1947 1075 1940 1125 1235 1915 1616 1187 1232 1405 1239 1462 1595 1834 1523 1818 1938 1039 1285 1892 1946 1313 1851 1800 1231 1468 1009 1084 1488 1105 1783 1480 1816 1597 1685 1622 1293 1191 1435 1226 1197 1138 BCNSPRNW ULIB Ver.6.0+V

เปลี่ยนเป็นภาษาไทย

Change to English
 แสดงรายละเอียดบรรณานุกรม
  กลับหน้าหลัก

Brief Record : Get Marc (ISO 2709) : E-mail record : QR code < ปิดหน้าต่าง
LEADER : 00000nam 2200000uu 4500
001    13399128295
003     ULIB
008    230529s2562||||th 000 0 tha d
020    ^a9786164972001^c350
060 04 ^aWY156.5^bก492
245 00 ^aการพยาบาลผู้ป่วยที่มีลำไส้และรูเปิดทางหน้าท้อง :^bประสบการณ์จากผู้เชี่ยวชาญ = Enterostomal nursing care : experience from experts /^cบรรณาธิการ จุฬาพร ประสังสิต, กาญจนา รุ่งแสงจันทร์, ยุวรัตน์ ม่วงเงิน
246 31 ^aEnterostomal nursing care :^bexperience from experts
250    ^aพิมพ์ครั้งที่ 2
260    ^aกรุงเทพฯ :^bงานพัฒนาคุณภาพการพยาบาล ฝ่ายการพยาบาล โรงพยาบาลศิริราช คณะแพทยศาสตร์ศิริราชพยาบาล มหาวิทยาลัยมหิดล,^c2562
300    ^aviii, 262 หน้า :^bภาพประกอบ
504    ^aบรรณานุกรมท้ายเรื่อง
504    ^aดัชนีท้ายเล่ม
590    ^aGift-T-62
650  7 ^aกระเพาะอาหารและลำไส้, เนื้องอก^xการพยาบาล
650  7 ^aลำไส้, โรค^xศัลยกรรม
700 0  ^aจุฬาพร ประสังสิต,^eบรรณาธิการ
700 0  ^aกาญจนา รุ่งแสงจันทร์,^eบรรณาธิการ
700 0  ^aยุวรัตน์ ม่วงเงิน,^eบรรณาธิการ
710 2  ^aมหาวิทยาลัยมหิดล^bคณะแพทยศาสตร์ศิริราชพยาบาล^bโรงพยาบาลศิริราช
710 2  ^aโรงพยาบาลศิริราช^bฝ่ายการพยาบาล^bงานพัฒนาคุณภาพการพยาบาล
945    ^p350^l0^i009449
945    ^p350^l0^i009450
945    ^p350^l0^i009451
999    ^aประนอม เกษจรัล
รายการนี้ยังไม่มีแท็ก
คุณยังไม่ได้ล็อกอิน คุณสามารถมีกิจกรรมร่วมกับเว็บไซต์ได้ แต่ต้องล็อกอินก่อน ::
  ล็อกอิน

รายการสื่อสารสนเทศ

ลำดับที่ ประเภท เลขเรียก/บาร์โค้ด สถานที่ สถานะ
1. Book การพยาบาล
หนังสือสำรอง
สถานะ=หนังสือสำรอง
WY156.5 ก492 ฉ.1 
  Barcode: 009449
ห้องสมุดวิทยาเขตสวรรค์ประชารักษ์
►หนังสือทั่วไป
บนชั้น
2. Book การพยาบาล
Book การพยาบาล
WY156.5 ก492 ฉ.2 
  Barcode: 009450
ห้องสมุดวิทยาเขตสวรรค์ประชารักษ์
►หนังสือทั่วไป
บนชั้น
3. Book การพยาบาล
Book การพยาบาล
WY156.5 ก492 ฉ.3 
  Barcode: 009451
ห้องสมุดวิทยาเขตสวรรค์ประชารักษ์
►หนังสือทั่วไป
บนชั้น

BibComment


ยังไม่เคยถูกคอมเมนท์

คอมเมนท์ทรัพยากรรายการนี้
  คอมเมนท์: การพยาบาลผู้ป่วย..


 Copyright 2026. Bcnsprnw @Library